01593nam a2200433 a 4500008004100000020001800041041000800059100002400067245005400091250001100145260003500156300006100191500010900252653002900361653002800390653001900418653002700437653003600464653002800500653003000528653003000558653002600588653003900614653002500653653003000678653003900708653002700747653002400774653003600798653002400834653002100858653006000879653008600939653001001025653003301035653005701068700001801125700001601143110830s2010 ag a f |||| 001 0 spa d a9789871259373 aspa1 aLarralde, Margarita aDermatología pediátrica /cMargarita Larralde a2a ed. aBuenos Aires:bJournal;c2010. a680 p.c28x20 cm.eSuplemento: Enfermedades de la Mucosa aLarralde, M., Abad, E. y Luna, P. (2010). Dermatología pediátrica. (2a ed.). Buenos Aires : Journal. aGeneralidades de la piel aEnfermedades neonatales aGenodermatosis aPatología infecciosa aTrastornos y lesiones facticios aDermatosis fotosensible aEnfermedades de la mucosa aEnfermedades pigmentarias aPatología de anexos aAcné y enfermedades relacionadas aDermatosis reactivas aInfiltraciones cutáneas aEnfermedades ampollares adquiridas aPatología reaccional aPatología tumoral aPatología de la línea media aLesiones vasculares aColagenopatías aEnfermedades de la dermis y tejido celular subcutáneo aManifestaciones cutaneas de enfermedades endorinas, metabólicas y nutricionales aNevos aRelación médico-paciente aTerapéutica dermatológica tópica y sistémica1 aAbad, Eugenia1 aLuna, Paula